Vận dụng tư tưởng Nhân, Lễ trong Luận ngữ của Khổng Tử vào việc giáo dục đạo đức cho sinh viên Việt Nam hiện nay /
محفوظ في:
| المؤلف الرئيسي: | |
|---|---|
| التنسيق: | مقال |
| اللغة: | Vietnamese |
| الموضوعات: | |
| الوسوم: |
إضافة وسم
لا توجد وسوم, كن أول من يضع وسما على هذه التسجيلة!
|
| Thư viện lưu trữ: | Thư viện Trường Đại học Đà Lạt |
|---|
| LEADER | 00913nam a2200277 4500 | ||
|---|---|---|---|
| 001 | DLU180189065 | ||
| 005 | ##20181213 | ||
| 040 | # | # | |a DLU |b vie |
| 041 | # | # | |a vie |
| 044 | # | # | |a vn |
| 100 | # | # | |a Biện Thị Hương Giang. |
| 245 | # | # | |a Vận dụng tư tưởng Nhân, Lễ trong Luận ngữ của Khổng Tử vào việc giáo dục đạo đức cho sinh viên Việt Nam hiện nay / |c Biện Thị Hương Giang. |
| 653 | # | # | |a Đạo đức |
| 653 | # | # | |a Giáo dục đạo đức |
| 653 | # | # | |a Khổng Tử |
| 653 | # | # | |a Luận ngữ |
| 773 | # | # | |t Thông tin khoa học xã hội |g Số 12(396), 2015, tr. 21-27 |
| 920 | # | # | |a Phòng Tạp chí -- Trung tâm Thông tin - Thư viện Trường Đại học Đà Lạt |
| 994 | # | # | |a DLU |
| 900 | # | # | |a True |
| 911 | # | # | |a Nguyễn Thị Thu Phương |
| 925 | # | # | |a G |
| 926 | # | # | |a A |
| 927 | # | # | |a BB |
| 980 | # | # | |a Thư viện Trường Đại học Đà Lạt |